[Event "8th Ali Ipek Tournament 2020"]
[Site "Ankara"]
[Date "2020.03.08"]
[Round "6.13"]
[White "Ozsac, Samet Harun"]
[Black "Ari, Hasancan"]
[Result "0-1"]
[WhiteElo "1844"]
[BlackElo "1399"]
[Annotator "NA"]
[PlyCount "98"]
[EventDate "2020.03.04"]
[EventType "swiss"]
[EventCountry "TUR"]
[SourceTitle "playchess.com"]
[Source "ChessBase"]
[SourceQuality "1"]
[TimeControl "5400+30"]

{[%evp 8,88,-11,-27,-18,-33,-27,-37,-39,-67,-65,-57,-70,-66,-40,-87,-52,-141,-141,-150,32767,32767,-16,32767,-127,32767,-115,-131,-97,-126,-113,-138,-147,32767,-108,32767,0,32767,32767,32767,-180,-163,-166,32767,32767,32767,32767,-169,32767,32767,32767,-93,-116,-99,32767,32767,32767,32767,32767,32767,32767,-163,32767,32767,-127,-121,-72,32767,-88,32767,32767,-199,-185,32767,32767,32767,32767,32767,-505,-513,32767,-548,-597]} 1. Nf3 {[%emt 0:00:30]} d5 {[%emt 0:00:30]} 2. g3 {[%emt 0:00:00]} c5 {[%emt 0:00:30]} 3. Bg2 {[%emt 0:00:00]} Nc6 {[%emt 0:00:00]} 4. O-O {[%emt 0:00:30]} e5 {[%emt 0:01:00]} 5. d3 {[%emt 0:00:00]} f6 {[%emt 0:02:30]} 6. Nbd2 {[%emt 0:03:00]} Be6 {[%emt 0:00:30]} 7. e4 {[%emt 0:02:30]} d4 {[%emt 0:00:30] A08: King's Indian Attack.} 8. a4 {[%emt 0:01:30]} Qd7 {[%emt 0:01:30]} 9. Nc4 {[%emt 0:00:30]} Nge7 {[%emt 0:00:30]} 10. Nfd2 {[%emt 0:07:30] [#]} g5 $146 {[%emt 0:05:30]} ({Predecessor:} 10... O-O-O 11. f4 exf4 12. gxf4 Bg4 13. Nf3 Ng6 14. Qe1 h5 15. a5 h4 16. a6 b6 {0-1 (27) Strikovic,A (2495)-Suba,M (2525) Seville 1994}) 11. a5 {[%emt 0:24:30]} Ng6 {[%emt 0:02:30]} 12. Re1 {[%emt 0:03:30]} (12. Bf3 $15) 12... h5 {[%emt 0:01:30]} 13. Nf1 {[%emt 0:01:30]} Be7 {[%emt 0:00:30]} 14. Bd2 {[%emt 0:01:30]} Bh3 {[%emt 0:03:30]} (14... h4 $17 15. Bf3 Kf7) 15. Bf3 {[%emt 0:11:30]} g4 {[%emt 0:02:30]} 16. Bg2 {[%emt 0:00:30]} Bxg2 {[%emt 0:06:30]} 17. Kxg2 {[%emt 0:00:30]} h4 {[%emt 0:01:30]} 18. a6 {[%emt 0:01:30]} b6 {[%emt 0:01:30]} 19. Qe2 {[%emt 0:13:30]} Kf7 {[%emt 0:05:30]} 20. Reb1 {[%emt 0:03:30]} Nf8 {[%emt 0:01:30]} 21. Kg1 {[%emt 0:03:55]} Ng6 {[%emt 0:02:30]} ({Black should play} 21... Nb4 $17 22. Bxb4 cxb4) 22. Be1 {[%emt 0:01:21]} Rag8 {[%emt 0:01:30]} 23. c3 {[%emt 0:01:05]} Nf8 {[%emt 0:00:30]} 24. Bd2 {[%emt 0:07:14]} Ne6 {[%emt 0:01:30]} 25. Kh1 {[%emt 0:00:55]} Rg6 {[%emt 0:04:30]} 26. Na3 {[%emt 0:01:00]} Rhg8 {[%emt 0:03:30]} 27. Nc2 {[%emt 0:00:57]} Ng5 {[%emt 0:06:30]} 28. Bxg5 {[%emt 0:01:21]} Rxg5 {[%emt 0:00:30]} 29. Ne1 {[%emt 0:04:04]} (29. gxh4 $11 Rh5 30. Ng3 Rxh4 31. Nf5) 29... Rh5 {[%emt 0:00:30]} 30. Ng2 {[%emt 0:01:55]} f5 {[%emt 0:01:30]} 31. exf5 {[%emt 0:01:06]} Qxf5 {[%emt 0:00:00]} 32. Qe4 {[%emt 0:01:13]} Qxe4 {[%emt 0:01:00]} 33. dxe4 {[%emt 0:00:02]} Bg5 {[%emt 0:00:30]} 34. gxh4 {[%emt 0:01:29]} Bxh4 {[%emt 0:00:00]} 35. Ng3 {[%emt 0:00:36]} Bxg3 {[%emt 0:00:00]} 36. fxg3 {[%emt 0:00:00]} c4 {[%emt 0:00:30]} (36... Rh7 $142 37. Rf1+ Ke6) 37. Nh4 {[%emt 0:00:14]} d3 {[%emt 0:01:30]} 38. b3 {[%emt 0:01:34]} Na5 {[%emt 0:01:30]} 39. bxc4 {[%emt 0:00:59]} Nxc4 {[%emt 0:00:00]} 40. Rd1 {[%emt 0:00:25]} Rd8 {[%emt 0:01:00]} 41. Ra2 {[%emt 0:00:34]} d2 {[%emt 0:00:30]} 42. Kg1 {[%emt 0:00:26]} Rd3 {[%emt 0:00:30]} 43. Rc2 $19 {[%emt 0:00:58]} Ke6 {[%emt 0:00:30]} 44. Kf2 {[%emt 0:00:00]} Rh7 {[%emt 0:00:30]} 45. Ke2 {[%emt 0:00:34]} Re3+ {[%emt 0:00:00]} 46. Kf2 {[%emt 0:00:40]} Rxe4 {[%emt 0:00:00]} 47. Ra2 {[%emt 0:00:21]} Rf7+ {[%emt 0:00:00]} 48. Kg2 {[%emt 0:00:47]} Re2+ {[%emt 0:00:00]} 49. Kg1 {[%emt 0:00:35]} Re1+ {[%emt 0:00:00]} 0-1

[Event "8th Ali Ipek Tournament 2020"]
[Site "Ankara"]
[Date "2020.03.08"]
[Round "6.14"]
[White "Nazli, Sertan"]
[Black "Akoglanoglu, Murat Umut"]
[Result "1-0"]
[WhiteElo "1745"]
[BlackElo "1460"]
[Annotator "NA"]
[PlyCount "87"]
[EventDate "2020.03.04"]
[EventType "swiss"]
[EventCountry "TUR"]
[SourceTitle "playchess.com"]
[Source "ChessBase"]
[SourceQuality "1"]
[TimeControl "5400+30"]

1. e4 {[%emt 0:03:30]} c5 {[%emt 0:00:30]} 2. Nf3 {[%emt 0:00:30]} e6 {[%emt 0:00:00]} 3. d4 {[%emt 0:00:30]} cxd4 {[%emt 0:00:00]} 4. Nxd4 {[%emt 0:00:30]} a6 {[%emt 0:00:30]} 5. Nc3 {[%emt 0:00:00]} Qc7 {[%emt 0:00:00]} 6. g3 {[%emt 0:00:00]} Nf6 {[%emt 0:02:00]} 7. Bg2 {[%emt 0:05:30]} Bb4 {[%emt 0:00:30]} 8. Bd2 {[%emt 0:00:30]} Nc6 {[%emt 0:00:30]} 9. Nb3 {[%emt 0:00:30]} O-O {[%emt 0:00:30]} 10. O-O {[%emt 0:00:30]} b6 {[%emt 0:02:30]} 11. f4 {[%emt 0:02:30]} d6 {[%emt 0:01:30]} 12. a3 {[%emt 0:00:30]} Bc5+ {[%emt 0:00:30]} 13. Nxc5 {[%emt 0:00:00]} dxc5 {[%emt 0:00:30]} 14. e5 {[%emt 0:03:00]} Ne8 {[%emt 0:01:30]} 15. Qf3 {[%emt 0:11:30]} Bb7 {[%emt 0:00:30]} 16. Rad1 {[%emt 0:00:30]} Na5 {[%emt 0:10:30]} 17. Qe2 {[%emt 0:04:30]} Bxg2 {[%emt 0:04:30]} 18. Kxg2 {[%emt 0:00:30]} Qc6+ {[%emt 0:01:30]} 19. Qe4 {[%emt 0:00:30]} Qxe4+ {[%emt 0:11:30]} 20. Nxe4 {[%emt 0:00:00]} Nb7 {[%emt 0:00:30]} 21. Be3 {[%emt 0:02:00]} f5 {[%emt 0:03:30]} 22. Rd7 {[%emt 0:16:30]} Nd8 {[%emt 0:00:30]} 23. Ng5 {[%emt 0:01:30]} h6 {[%emt 0:01:30]} 24. Rxd8 {[%emt 0:00:00]} Rxd8 {[%emt 0:02:30]} 25. Nxe6 {[%emt 0:00:00]} Rd7 {[%emt 0:02:30]} 26. Nxf8 {[%emt 0:00:30]} Kxf8 {[%emt 0:00:30]} 27. Kf2 {[%emt 0:02:30]} Nc7 {[%emt 0:01:30]} 28. Ke2 {[%emt 0:00:30]} Ne6 {[%emt 0:01:30]} 29. Rb1 {[%emt 0:11:30]} b5 {[%emt 0:08:30]} 30. Rd1 {[%emt 0:01:30]} Rxd1 {[%emt 0:04:30]} 31. Kxd1 {[%emt 0:00:00]} g5 {[%emt 0:10:30]} 32. c4 {[%emt 0:02:00]} bxc4 {[%emt 0:04:30]} 33. Kd2 {[%emt 0:00:30]} Ke7 {[%emt 0:00:00]} 34. Kc3 {[%emt 0:00:30]} Kd7 {[%emt 0:00:00]} 35. Kxc4 {[%emt 0:00:00]} Kc6 {[%emt 0:00:30]} 36. b3 {[%emt 0:05:00]} gxf4 {[%emt 0:08:45]} 37. gxf4 {[%emt 0:00:30]} h5 {[%emt 0:00:27]} 38. a4 {[%emt 0:00:30]} Nc7 {[%emt 0:01:23]} 39. Bxc5 {[%emt 0:08:57]} Nd5 {[%emt 0:00:48]} 40. e6 {[%emt 0:00:56]} Nxf4 {[%emt 0:00:43]} 41. e7 {[%emt 0:00:24]} Kd7 {[%emt 0:00:01]} 42. b4 {[%emt 0:00:29]} Ng6 {[%emt 0:01:05]} 43. b5 {[%emt 0:00:27]} Nxe7 {[%emt 0:00:48]} 44. bxa6 {[%emt 0:01:20]} 1-0

[Event "8th Ali Ipek Tournament 2020"]
[Site "Ankara"]
[Date "2020.03.08"]
[Round "6.15"]
[White "Macit, Mehmet Alper"]
[Black "Banci, Dogancan"]
[Result "0-1"]
[WhiteElo "1466"]
[BlackElo "1634"]
[Annotator "NA"]
[PlyCount "98"]
[EventDate "2020.03.04"]
[EventType "swiss"]
[EventCountry "TUR"]
[SourceTitle "playchess.com"]
[Source "ChessBase"]
[SourceQuality "1"]
[TimeControl "5400+30"]

1. e4 {[%emt 0:00:30]} c5 {[%emt 0:00:30]} 2. Nf3 {[%emt 0:00:00]} d6 {[%emt 0:00:30]} 3. d4 {[%emt 0:00:00]} cxd4 {[%emt 0:00:00]} 4. Nxd4 {[%emt 0:00:30]} Nf6 {[%emt 0:00:00]} 5. Nc3 {[%emt 0:00:00]} g6 {[%emt 0:00:30]} 6. Be3 {[%emt 0:01:00]} Bg7 {[%emt 0:00:30]} 7. f3 {[%emt 0:00:00]} O-O {[%emt 0:00:00]} 8. Qd2 {[%emt 0:00:00]} Nc6 {[%emt 0:00:00]} 9. O-O-O {[%emt 0:00:30]} Nxd4 {[%emt 0:01:30]} 10. Bxd4 {[%emt 0:00:30]} Be6 {[%emt 0:00:30]} 11. g4 {[%emt 0:03:30]} Qa5 {[%emt 0:02:30]} 12. Kb1 {[%emt 0:00:30]} Rfc8 {[%emt 0:02:30]} 13. b3 {[%emt 0:02:30]} Rab8 {[%emt 0:28:30]} 14. h4 {[%emt 0:05:30]} b5 {[%emt 0:07:30]} 15. h5 {[%emt 0:01:30]} b4 {[%emt 0:08:30]} 16. Ne2 {[%emt 0:01:30]} Bd7 {[%emt 0:19:30]} 17. hxg6 {[%emt 0:04:30]} hxg6 {[%emt 0:00:30]} 18. g5 {[%emt 0:05:30]} Nh5 {[%emt 0:01:30]} 19. Bxg7 {[%emt 0:00:30]} Kxg7 {[%emt 0:01:30]} 20. Qd4+ {[%emt 0:02:30]} Kg8 {[%emt 0:06:41]} 21. f4 {[%emt 0:04:30]} Qc5 {[%emt 0:03:27]} 22. Qd2 {[%emt 0:04:30]} Bg4 {[%emt 0:02:22]} 23. Rh4 {[%emt 0:03:30]} Bd7 {[%emt 0:07:33]} 24. Nd4 {[%emt 0:02:30]} Qc3 {[%emt 0:00:28]} 25. Be2 {[%emt 0:03:30]} Ng3 {[%emt 0:01:46]} 26. Qxc3 {[%emt 0:06:30]} Rxc3 {[%emt 0:00:02]} 27. Bd3 {[%emt 0:01:30]} e5 {[%emt 0:02:39]} 28. fxe5 {[%emt 0:00:30]} dxe5 {[%emt 0:00:02]} 29. Nf3 {[%emt 0:02:30]} Rc5 {[%emt 0:00:26]} 30. Bc4 {[%emt 0:01:30]} Bc6 {[%emt 0:00:46]} 31. Bd5 {[%emt 0:02:30]} Bxd5 {[%emt 0:00:22]} 32. Rxd5 {[%emt 0:00:30]} Rxd5 {[%emt 0:01:04]} 33. exd5 {[%emt 0:00:30]} e4 {[%emt 0:00:26]} 34. Ne1 {[%emt 0:06:30]} Rd8 {[%emt 0:00:35]} 35. Rg4 {[%emt 0:00:30]} Rxd5 {[%emt 0:01:35]} 36. Kb2 {[%emt 0:00:30]} Nf5 {[%emt 0:00:35]} 37. Rxe4 {[%emt 0:01:30]} a5 {[%emt 0:00:05]} 38. Nd3 {[%emt 0:00:30]} Nd6 {[%emt 0:00:36]} 39. Rg4 {[%emt 0:01:30]} Nb5 {[%emt 0:00:27]} 40. Nf2 {[%emt 0:01:30]} Kg7 {[%emt 0:00:40]} 41. Nd3 {[%emt 0:01:30]} Na3 {[%emt 0:00:29]} 42. Rg3 {[%emt 0:00:30]} Nb5 {[%emt 0:00:26]} 43. Nf4 {[%emt 0:00:30]} Rd2 {[%emt 0:00:23]} 44. Rd3 {[%emt 0:01:30]} Rf2 {[%emt 0:00:32]} 45. Nh3 {[%emt 0:01:30]} Rh2 {[%emt 0:00:25]} 46. Rd5 {[%emt 0:04:30]} Na3 {[%emt 0:00:19]} 47. Rxa5 {[%emt 0:01:30]} Rxc2+ {[%emt 0:00:53]} 48. Ka1 {[%emt 0:00:30]} Rc1+ {[%emt 0:00:30]} 49. Kb2 {[%emt 0:00:00]} Rb1# {[%emt 0:00:00]} 0-1

[Event "8th Ali Ipek Tournament 2020"]
[Site "Ankara"]
[Date "2020.03.08"]
[Round "6.16"]
[White "Saltik, Suleyman"]
[Black "Yilmaz, Zulfikar Baran"]
[Result "1-0"]
[WhiteElo "1658"]
[BlackElo "1370"]
[Annotator "NA"]
[PlyCount "77"]
[EventDate "2020.03.04"]
[EventType "swiss"]
[EventCountry "TUR"]
[SourceTitle "playchess.com"]
[Source "ChessBase"]
[SourceQuality "1"]
[TimeControl "5400+30"]

1. e4 {[%emt 0:00:30]} c5 {[%emt 0:00:30]} 2. Nf3 {[%emt 0:00:30]} d6 {[%emt 0:00:00]} 3. Bb5+ {[%emt 0:00:00]} Bd7 {[%emt 0:00:00]} 4. Bxd7+ {[%emt 0:00:00]} Qxd7 {[%emt 0:00:00]} 5. O-O {[%emt 0:00:30]} Nf6 {[%emt 0:00:00]} 6. Re1 {[%emt 0:00:30]} g6 {[%emt 0:00:30]} 7. e5 {[%emt 0:00:30]} dxe5 {[%emt 0:01:30]} 8. Nxe5 {[%emt 0:00:30]} Qc7 {[%emt 0:00:30]} 9. Nc3 {[%emt 0:01:30]} a6 {[%emt 0:00:30]} 10. d4 {[%emt 0:02:30]} cxd4 {[%emt 0:01:30]} 11. Qxd4 {[%emt 0:00:30]} Bg7 {[%emt 0:02:30]} 12. Bf4 {[%emt 0:02:30]} Qc8 {[%emt 0:25:30]} 13. Na4 {[%emt 0:08:30]} Nfd7 {[%emt 0:05:30]} 14. Bh6 {[%emt 0:14:30]} Nc6 {[%emt 0:02:30]} 15. Nxc6 {[%emt 0:00:30]} Qxc6 {[%emt 0:21:30]} 16. Bxg7 {[%emt 0:01:30]} Rg8 {[%emt 0:00:00]} 17. Be5 {[%emt 0:00:30]} Nxe5 {[%emt 0:00:00]} 18. Qxe5 {[%emt 0:00:30]} e6 {[%emt 0:00:30]} 19. Nc3 {[%emt 0:00:30]} Rd8 {[%emt 0:00:00]} 20. Ne4 {[%emt 0:00:30]} Ke7 {[%emt 0:00:00]} 21. Qf6+ {[%emt 0:00:30]} Ke8 {[%emt 0:01:30]} 22. Rad1 {[%emt 0:00:30]} Rd5 {[%emt 0:00:30]} 23. c4 {[%emt 0:01:30]} Rd7 {[%emt 0:00:30]} 24. Qe5 {[%emt 0:01:30]} Ke7 {[%emt 0:01:30]} 25. Rxd7+ {[%emt 0:00:00]} Qxd7 {[%emt 0:00:30]} 26. Nf6 {[%emt 0:00:00]} Qd8 {[%emt 0:00:30]} 27. Nxg8+ {[%emt 0:00:30]} Qxg8 {[%emt 0:00:00]} 28. Rd1 {[%emt 0:00:30]} Qc8 {[%emt 0:00:00]} 29. c5 {[%emt 0:00:30]} Qc6 {[%emt 0:00:30]} 30. Qd6+ {[%emt 0:00:00]} Qxd6 {[%emt 0:00:00]} 31. Rxd6 {[%emt 0:00:00]} f5 {[%emt 0:01:00]} 32. Rb6 {[%emt 0:00:30]} e5 {[%emt 0:00:30]} 33. Rxb7+ {[%emt 0:00:00]} Kd8 {[%emt 0:00:00]} 34. Rxh7 {[%emt 0:00:00]} e4 {[%emt 0:00:00]} 35. Rg7 {[%emt 0:00:30]} f4 {[%emt 0:00:00]} 36. Rxg6 {[%emt 0:00:30]} e3 {[%emt 0:00:00]} 37. fxe3 {[%emt 0:00:00]} fxe3 {[%emt 0:00:30]} 38. Rg7 {[%emt 0:00:00]} e2 {[%emt 0:00:00]} 39. Kf2 {[%emt 0:00:00]} 1-0

[Event "8th Ali Ipek Tournament 2020"]
[Site "Ankara"]
[Date "2020.03.08"]
[Round "6.18"]
[White "Gokdogan, Alperen"]
[Black "Vural, Burak"]
[Result "1/2-1/2"]
[WhiteElo "1305"]
[BlackElo "1604"]
[Annotator "NA"]
[PlyCount "73"]
[EventDate "2020.03.04"]
[EventType "swiss"]
[EventCountry "TUR"]
[SourceTitle "playchess.com"]
[Source "ChessBase"]
[SourceQuality "1"]
[TimeControl "5400+30"]

1. e4 {[%emt 0:00:30]} c5 {[%emt 0:00:30]} 2. c3 {[%emt 0:00:00]} Nf6 {[%emt 0:00:30]} 3. e5 {[%emt 0:00:00]} Nd5 {[%emt 0:00:30]} 4. Nf3 {[%emt 0:01:30]} e6 {[%emt 0:01:30]} 5. Bc4 {[%emt 0:02:30]} d6 {[%emt 0:02:30]} 6. d4 {[%emt 0:00:30]} cxd4 {[%emt 0:01:30]} 7. cxd4 {[%emt 0:00:30]} Nc6 {[%emt 0:01:30]} 8. O-O {[%emt 0:04:30]} Be7 {[%emt 0:02:30]} 9. Re1 {[%emt 0:00:30]} O-O {[%emt 0:02:30]} 10. a3 {[%emt 0:04:30]} Qc7 {[%emt 0:14:30]} 11. Nbd2 {[%emt 0:09:30]} Rd8 {[%emt 0:06:30]} 12. Qc2 {[%emt 0:03:30]} Na5 {[%emt 0:12:30]} 13. Bd3 {[%emt 0:00:30]} Qxc2 {[%emt 0:00:30]} 14. Bxc2 {[%emt 0:00:30]} Nb6 {[%emt 0:02:30]} 15. b3 {[%emt 0:02:30]} Bd7 {[%emt 0:01:30]} 16. Bb2 {[%emt 0:00:30]} Rac8 {[%emt 0:02:30]} 17. Rac1 {[%emt 0:02:30]} dxe5 {[%emt 0:11:30]} 18. dxe5 {[%emt 0:02:30]} Bc6 {[%emt 0:03:30]} 19. b4 {[%emt 0:02:30]} Bxf3 {[%emt 0:01:30]} 20. bxa5 {[%emt 0:04:30]} Rxd2 {[%emt 0:12:13]} 21. axb6 {[%emt 0:00:30]} Bc6 {[%emt 0:02:10]} 22. bxa7 {[%emt 0:00:30]} Bc5 {[%emt 0:00:43]} 23. Rf1 {[%emt 0:01:30]} Bxa7 {[%emt 0:00:34]} 24. Bc3 {[%emt 0:01:30]} Rd7 {[%emt 0:01:14]} 25. Bb2 {[%emt 0:03:30]} Kf8 {[%emt 0:02:26]} 26. h4 {[%emt 0:01:30]} Bd4 {[%emt 0:02:21]} 27. Bxd4 {[%emt 0:01:30]} Rxd4 {[%emt 0:00:10]} 28. f4 {[%emt 0:04:30]} Rd2 {[%emt 0:03:41]} 29. Be4 {[%emt 0:02:30]} Ra8 {[%emt 0:03:09]} 30. Bxc6 {[%emt 0:00:30]} bxc6 {[%emt 0:00:06]} 31. Rxc6 {[%emt 0:00:30]} Rxa3 {[%emt 0:00:20]} 32. Rfc1 {[%emt 0:01:30]} g6 {[%emt 0:01:06]} 33. R6c2 {[%emt 0:00:30]} Rd4 {[%emt 0:01:02]} 34. Rc4 {[%emt 0:00:30]} Rdd3 {[%emt 0:00:51]} 35. Kh2 {[%emt 0:02:30]} Rg3 {[%emt 0:01:11]} 36. Rg1 {[%emt 0:00:30]} Kg7 {[%emt 0:00:49]} 37. Rc7 {[%emt 0:00:30]} 1/2-1/2

[Event "8th Ali Ipek Tournament 2020"]
[Site "Ankara"]
[Date "2020.03.08"]
[Round "6.19"]
[White "Aral, Demir"]
[Black "Yilmaz, Baver"]
[Result "1-0"]
[WhiteElo "1554"]
[BlackElo "1446"]
[Annotator "NA"]
[PlyCount "63"]
[EventDate "2020.03.04"]
[EventType "swiss"]
[EventCountry "TUR"]
[SourceTitle "playchess.com"]
[Source "ChessBase"]
[SourceQuality "1"]
[TimeControl "5400+30"]

1. e4 {[%emt 0:00:30]} e5 {[%emt 0:00:30]} 2. Nf3 {[%emt 0:00:00]} Nc6 {[%emt 0:00:30]} 3. Bb5 {[%emt 0:00:00]} a6 {[%emt 0:00:00]} 4. Bxc6 {[%emt 0:00:30]} dxc6 {[%emt 0:00:00]} 5. O-O {[%emt 0:00:00]} Bg4 {[%emt 0:03:30]} 6. h3 {[%emt 0:00:00]} Bxf3 {[%emt 0:00:30]} 7. Qxf3 {[%emt 0:00:00]} Nf6 {[%emt 0:00:00]} 8. d3 {[%emt 0:00:00]} Qd7 {[%emt 0:01:00]} 9. Bg5 {[%emt 0:00:30]} Be7 {[%emt 0:00:30]} 10. Nc3 {[%emt 0:02:30]} h6 {[%emt 0:00:30]} 11. Bxf6 {[%emt 0:00:00]} Bxf6 {[%emt 0:01:30]} 12. Ne2 {[%emt 0:00:00]} Be7 {[%emt 0:00:30]} 13. Ng3 {[%emt 0:00:30]} g6 {[%emt 0:00:30]} 14. Rad1 {[%emt 0:04:30]} Bg5 {[%emt 0:05:30]} 15. Ne2 {[%emt 0:03:30]} h5 {[%emt 0:01:30]} 16. d4 {[%emt 0:07:30]} O-O-O {[%emt 0:04:30]} 17. dxe5 {[%emt 0:03:30]} Qxd1 {[%emt 0:09:30]} 18. Rxd1 {[%emt 0:00:00]} Rxd1+ {[%emt 0:00:30]} 19. Kh2 {[%emt 0:00:00]} Rd2 {[%emt 0:00:00]} 20. Nc3 {[%emt 0:01:30]} Rf8 {[%emt 0:01:00]} 21. h4 {[%emt 0:04:30]} Be7 {[%emt 0:01:30]} 22. Ne2 {[%emt 0:18:30]} f6 {[%emt 0:03:30]} 23. e6 {[%emt 0:01:30]} Bd6+ {[%emt 0:00:30]} 24. g3 {[%emt 0:01:30]} Be5 {[%emt 0:02:30]} 25. Qe3 {[%emt 0:01:30]} Rd6 {[%emt 0:02:30]} 26. f4 {[%emt 0:09:30]} Bxb2 {[%emt 0:00:30]} 27. Qa7 {[%emt 0:00:00]} Kd8 {[%emt 0:01:30]} 28. Qb8+ {[%emt 0:00:00]} Ke7 {[%emt 0:00:30]} 29. Qxc7+ {[%emt 0:00:00]} Kxe6 {[%emt 0:00:30]} 30. f5+ {[%emt 0:00:00]} gxf5 {[%emt 0:00:30]} 31. Nf4+ {[%emt 0:00:00]} Ke5 {[%emt 0:00:00]} 32. Qe7+ {[%emt 0:00:00]} 1-0

[Event "8th Ali Ipek Tournament 2020"]
[Site "Ankara"]
[Date "2020.03.08"]
[Round "6.20"]
[White "Ozturk, Ali"]
[Black "Simsek, Ayaz"]
[Result "1-0"]
[WhiteElo "1590"]
[BlackElo "1055"]
[Annotator "NA"]
[PlyCount "123"]
[EventDate "2020.03.04"]
[EventType "swiss"]
[EventCountry "TUR"]
[SourceTitle "playchess.com"]
[Source "ChessBase"]
[SourceQuality "1"]
[TimeControl "5400+30"]

1. d4 {[%emt 0:00:30]} Nf6 {[%emt 0:00:30]} 2. Nf3 {[%emt 0:00:00]} g6 {[%emt 0:00:00]} 3. c4 {[%emt 0:01:00]} Bg7 {[%emt 0:00:00]} 4. Nc3 {[%emt 0:00:30]} d6 {[%emt 0:01:30]} 5. e4 {[%emt 0:00:30]} O-O {[%emt 0:00:30]} 6. Be2 {[%emt 0:00:00]} Nbd7 {[%emt 0:00:30]} 7. O-O {[%emt 0:00:00]} e5 {[%emt 0:02:30]} 8. Be3 {[%emt 0:00:30]} exd4 {[%emt 0:00:30]} 9. Nxd4 {[%emt 0:00:30]} Nc5 {[%emt 0:02:30]} 10. f3 {[%emt 0:02:30]} Ne6 {[%emt 0:00:30]} 11. Qd2 {[%emt 0:00:30]} Bd7 {[%emt 0:03:30]} 12. Rad1 {[%emt 0:00:30]} Qe7 {[%emt 0:01:30]} 13. Nd5 {[%emt 0:02:30]} Nxd5 {[%emt 0:01:30]} 14. cxd5 {[%emt 0:00:30]} Nxd4 {[%emt 0:00:30]} 15. Bxd4 {[%emt 0:00:00]} a6 {[%emt 0:01:30]} 16. Bxg7 {[%emt 0:02:00]} Kxg7 {[%emt 0:02:30]} 17. Qc3+ {[%emt 0:00:30]} Qe5 {[%emt 0:00:30]} 18. Rc1 {[%emt 0:27:30]} Rac8 {[%emt 0:03:30]} 19. Rfd1 {[%emt 0:05:30]} f5 {[%emt 0:05:30]} 20. Rd2 {[%emt 0:06:30]} Qxc3 {[%emt 0:00:30]} 21. Rxc3 {[%emt 0:00:30]} Rf7 {[%emt 0:00:30]} 22. Rdc2 {[%emt 0:01:30]} Bb5 {[%emt 0:02:30]} 23. Bxb5 {[%emt 0:02:30]} axb5 {[%emt 0:00:30]} 24. exf5 {[%emt 0:00:30]} Rxf5 {[%emt 0:02:30]} 25. Rxc7+ {[%emt 0:02:30]} Rxc7 {[%emt 0:00:30]} 26. Rxc7+ {[%emt 0:00:00]} Rf7 {[%emt 0:00:30]} 27. Rxf7+ {[%emt 0:07:00]} Kxf7 {[%emt 0:00:30]} 28. Kf2 {[%emt 0:00:30]} Kf6 {[%emt 0:00:30]} 29. f4 {[%emt 0:00:00]} Kf5 {[%emt 0:00:30]} 30. Kf3 {[%emt 0:00:00]} h6 {[%emt 0:00:30]} 31. g4+ {[%emt 0:00:30]} Kf6 {[%emt 0:00:30]} 32. h4 {[%emt 0:01:30]} h5 {[%emt 0:00:30]} 33. gxh5 {[%emt 0:01:30]} gxh5 {[%emt 0:00:30]} 34. Ke4 {[%emt 0:00:30]} Kg6 {[%emt 0:00:30]} 35. f5+ {[%emt 0:00:00]} Kf6 {[%emt 0:00:30]} 36. a3 {[%emt 0:01:00]} b6 {[%emt 0:00:30]} 37. Kf4 {[%emt 0:00:30]} b4 {[%emt 0:00:30]} 38. axb4 {[%emt 0:00:30]} b5 {[%emt 0:00:30]} 39. b3 {[%emt 0:00:00]} Kg7 {[%emt 0:00:30]} 40. Kg5 {[%emt 0:00:00]} Kf7 {[%emt 0:00:00]} 41. Kxh5 {[%emt 0:00:30]} Kf6 {[%emt 0:00:00]} 42. Kh6 {[%emt 0:00:00]} Kxf5 {[%emt 0:00:30]} 43. Kg7 {[%emt 0:00:00]} Kg4 {[%emt 0:00:30]} 44. Kf6 {[%emt 0:00:30]} Kxh4 {[%emt 0:00:30]} 45. Ke6 {[%emt 0:00:00]} Kg5 {[%emt 0:00:30]} 46. Kxd6 {[%emt 0:00:00]} Kf6 {[%emt 0:00:00]} 47. Kc7 {[%emt 0:00:00]} Ke7 {[%emt 0:00:00]} 48. d6+ {[%emt 0:00:00]} Ke8 {[%emt 0:00:00]} 49. d7+ {[%emt 0:00:30]} Kf7 {[%emt 0:00:00]} 50. d8=Q {[%emt 0:00:30]} Ke6 {[%emt 0:00:00]} 51. Qd7+ {[%emt 0:00:30]} Ke5 {[%emt 0:00:00]} 52. Qxb5+ {[%emt 0:00:00]} Ke4 {[%emt 0:00:30]} 53. Qc4+ {[%emt 0:00:00]} Ke5 {[%emt 0:00:00]} 54. b5 {[%emt 0:00:30]} Kf5 {[%emt 0:00:00]} 55. b6 {[%emt 0:00:00]} Ke5 {[%emt 0:00:30]} 56. b7 {[%emt 0:00:00]} Kf5 {[%emt 0:00:00]} 57. b8=Q {[%emt 0:00:30]} Ke5 {[%emt 0:00:00]} 58. Qbb5+ {[%emt 0:00:00]} Kf6 {[%emt 0:00:00]} 59. Qcc6+ {[%emt 0:00:00]} Ke7 {[%emt 0:00:00]} 60. Qe5+ {[%emt 0:00:30]} Kf7 {[%emt 0:00:30]} 61. Qcf6+ {[%emt 0:00:30]} Kg8 {[%emt 0:00:30]} 62. Qg7# {[%emt 0:00:00]} 1-0

[Event "8th Ali Ipek Tournament 2020"]
[Site "Ankara"]
[Date "2020.03.08"]
[Round "7.1"]
[White "Zor, Alber Kadir"]
[Black "Alkan, Ferman"]
[Result "1/2-1/2"]
[WhiteElo "2119"]
[BlackElo "1858"]
[Annotator "TA"]
[PlyCount "60"]
[EventDate "2020.03.04"]
[EventType "swiss"]
[EventCountry "TUR"]
[SourceTitle "playchess.com"]
[Source "ChessBase"]
[SourceQuality "1"]

{[%evp 16,60,28,21,28,16,33,30,45,25,39,11,14,0,0,-5,3,7,0,0,0,-12,-12,-11,0,-14,0,-31,-14,-16,-15,-16,-10,-12,-18,-12,-17,-18,-10,-13,-14,-22,-22,-22,-19,-10,0]} 1. Nf3 Nf6 2. c4 g6 3. b3 Bg7 4. Bb2 O-O 5. g3 c6 6. Bg2 d6 7. d4 Nbd7 8. O-O Re8 $1 {[%mdl 4] is recently more successful than 8...Qc7.} 9. Nc3 a6 {E60: King's Indian: Unusual lines and Fianchetto Variation without Nc3.} 10. e3 Qc7 11. Rc1 Rb8 {[#] White has an edge.} 12. a3 $146 ({Predecessor:} 12. Nd2 b6 13. Qe2 e5 14. Qd1 Bb7 15. d5 c5 16. Qc2 Nf8 17. Rce1 Bc8 18. e4 {1-0 (37) Dizdarevic,E (2492)-Sadikovic,J (2130) Bihac 2016}) 12... e5 13. b4 Nb6 14. Nd2 exd4 15. exd4 Bh6 16. Nce4 Nxe4 17. Nxe4 Bg7 18. Re1 {[#] Strongly threatening Nf6+!} Be6 19. Nd2 d5 {[%cal Rb6c4]} 20. c5 Nd7 {[%cal Bb6d7,Bd7f6,Bf6h7,Bh7f8][%mdl 32]} 21. Nb3 h5 22. Bc3 {The position is equal.} Nf6 23. Bd2 {White wants to play Bf4.} Bg4 24. Qc2 {Threatening Bf4.} Qd7 25. Bf4 Rbc8 26. f3 Bf5 27. Qd2 Nh7 28. Na5 Rxe1+ 29. Rxe1 Nf8 30. Be5 Bxe5 {Accuracy: White = 86%, Black = 100%.} 1/2-1/2